[Event "EST-chB email 4th"]
[Site "Estonia"]
[Date "2002.04.05"]
[Round "?"]
[White "Kaul, Indrek"]
[Black "Paltser, Peter"]
[Result "1-0"]
[WhiteElo "1900"]
[BlackElo "1900"]
[PlyCount "59"]
[EventDate "2002.??.??"]
[EventType "tourn (corr)"]
[EventRounds "10"]
[EventCountry "EST"]
[SourceTitle "Corr 2006"]
[Source "ChessBase"]
[SourceDate "2006.04.01"]
[SourceVersion "3"]
[SourceVersionDate "2006.04.01"]
[SourceQuality "1"]

1. e4 e5 2. Nf3 Nf6 3. d4 Nxe4 4. Bd3 d5 5. Nxe5 Nd7 6. Nxd7 Bxd7 7. 0-0 Bd6 8. c4 c6 9. Nc3 Nxc3 10. bxc3 Qh4 11. g3 Qe7 12. Re1 Be6 13. cxd5 cxd5 14. Qc2 Qf6 15. Qa4+ Kf8 16. Rb1 Qe7 17. c4 Qc7 18. c5 Be7 19. Bf4 Qc8 20. Qb5 Bf6 21. Be5 Bxe5 22. Rxe5 Rb8 23. Qa5 f6 24. Re2 a6 25. Qb6 Kf7 26. Rbe1 Bf5 27. Re7+ Kg6 28. Qb1 Bxd3 29. Qxd3+ Kh6 30. R1e6 1-0